| 000 | 00887pam a2200277 x 4500 | ||
|---|---|---|---|
| 001 | 2380199 | ||
| 008 | 960214s1995 enkab 00110 eng b | ||
| 010 | _a 94043757 | ||
| 015 | _ab9590003 | ||
| 020 | _a0415015952 | ||
| 020 | 1 | 0 |
_a0415015952 _cm |
| 020 | 1 | 0 |
_a0415015960 _cv _cpbk _c£15.99 |
| 082 | 0 | 0 |
_a937.01 _220 |
| 100 | 1 | 0 |
_aCornell, Tim. _9168 |
| 245 | 1 | 4 |
_aThe beginnings of Rome : _bItaly and Rome from the Bronze Age to the Punic Wars (c. 1000-264 BC) / _cT.J. Cornell. |
| 260 |
_aLondon : _bRoutledge, _c1995. |
||
| 300 |
_axx,507p _bill _c24cm _ecased |
||
| 350 | 0 | 0 | _aNo price : Formerly CIP |
| 490 | 0 | 0 | _aRoutledge history of the ancient world |
| 504 | 0 | 0 | _aBibliography: p472-491. - Includes index |
| 651 | 0 |
_aRome _xHistory _yKings, 753-510 B.C. _9169 |
|
| 942 |
_2ddc _cBK |
||
| 956 | _aNLS | ||
| 999 |
_c140 _d140 |
||